Is Singapore losing its attractiveness to be the key manufacturing centre for the disk drive companies? /
Saved in:
| Main Author: | |
|---|---|
| Format: | Thesis Book |
| Language: | English |
| Published: |
1995.
|
| Subjects: | |
| Tags: |
Add Tag
No Tags, Be the first to tag this record!
|
| LEADER | 00891cam a2200253 a 4500 | ||
|---|---|---|---|
| 001 | u380433 | ||
| 003 | SIRSI | ||
| 008 | 950307s1995 si v 00 1 eng m | ||
| 035 | |a ABX-1893 | ||
| 040 | |a UMM | ||
| 043 | |a a-si--- | ||
| 090 | |a HD9696 |b C63S55Lim | ||
| 100 | 1 | 0 | |a Lim, Yee Juan. |
| 245 | 1 | 0 | |a Is Singapore losing its attractiveness to be the key manufacturing centre for the disk drive companies? / |c by Lim Yee Juan. |
| 260 | |c 1995. | ||
| 300 | |a 85 leaves : |b ill. ; |c 30 cm. | ||
| 500 | |a Photocopy. | ||
| 502 | |a Dissertation (M.B.A.) -- National University of Singapore, 1995. | ||
| 504 | |a Bibliography: leaves 84-85. | ||
| 650 | 0 | |a Data disk drives industry |z Singapore. | |
| 650 | 0 | |a Investments, Foreign |z Singapore. | |
| 948 | |a 28/08/1995 |b 25/11/2000 | ||
| 596 | |a 1 | ||
| 999 | |a HD9696 C63S55LIM |w LC |c 1 |i A505562378 |d 3/10/2003 |e 3/10/2003 |k LOST |l STACKS |m P01UTAMA |r M |s Y |t TESIS |u 24/4/1996 | ||
